Practical guide to payment of bonus : (Record no. 78495)

MARC details
000 -LEADER
fixed length control field 00721nam a22002177a 4500
005 - DATE AND TIME OF LATEST TRANSACTION
control field 20130916161602.0
010 ## - LCCN (DPL NO)
LC control number ENG-108298
020 ## - INTERNATIONAL STANDARD BOOK NUMBER
Terms of availability 240.00
International Standard Book Number 9789350352342
035 ## - SYSTEM CONTROL NUMBER
System control number EN-91831
037 ## - SOURCE OF ACQUISITION
Source of stock number/acquisition DBAD/PUB
082 ## - DEWEY DECIMAL CLASSIFICATION NUMBER
Classification number 344.54012164
100 ## - MAIN ENTRY--PERSONAL NAME
Personal name Kumar,H.L.
245 ## - TITLE STATEMENT
Title Practical guide to payment of bonus :
Statement of responsibility, etc by H.L. Kumar [and] Gaurav Kumar
Remainder of title act and rules /
250 ## - EDITION STATEMENT
Edition statement 4th ed
260 ## - PUBLICATION, DISTRIBUTION, ETC. (IMPRINT)
Place of publication, distribution, etc New Delhi
Name of publisher, distributor, etc Universal Law Publishing
Date of publication, distribution, etc 2013
270 ## - ADDRESS
Address C-FF-1A, Dilkhush Industrial Estate, (near Azadpur Metro Station) G.T. Karnal Road,
City New Delhi
Postal code 110033
300 ## - PHYSICAL DESCRIPTION
Extent xxi,157p.
Dimensions 24cm(pbk)
500 ## - GENERAL NOTE
General note Includes index
700 ## - ADDED ENTRY--PERSONAL NAME
Personal name Gaurav Kumar
942 ## - ADDED ENTRY ELEMENTS (KOHA)
Source of classification or shelving scheme Dewey Decimal Classification
Item type English Books
Call number suffix KUM
Classification part 344.54012164
Holdings
Withdrawn status Lost status Not for loan Collection code Home library Current library Date acquired Source of acquisition Cost, normal purchase price Full call number Barcode Copy number Cost, replacement price Koha item type
    Not For Loan Non-fiction D.B.Act.Division D.B.Act.Division 08/08/2013 DBAD/PUB 240.00 344.54012164 KUM EN-91831 1 240.00 English Books

© Delhi Public Library
Hit Counter
free hit counter